000 01188cam a2200313 a 4500
001 3368277
003 OSt
005 20160418113213.0
008 870807s1988 onca b 000 0 eng
010 _a 87023196
020 _a0553213059 (pbk.)
040 _aSEKU
050 0 0 _aPR 2831
_b.B4
100 1 _aShakespeare, William,
_d1564-1616.
245 1 0 _aRomeo and Juliet /
_cWilliam Shakespeare ; edited by David Bevington ; David Scott Kastan, James Hammersmith, and Robert Kean Turner, associate editors ; with a foreword by Joseph Papp.
260 _aToronto ;
_aNew York :
_bBantam Books,
_c1988.
300 _axxxvii, 166 p. :
_bill. ;
_c18 cm.
490 0 _aA Bantam classic
500 _a"Bantam edition with newly edited text and substantially revised, edited, and amplified notes, introductions, and other materials"--T.p. verso.
504 _aBibliography: p. [157]-162.
650 0 _aRomeo (Fictitious character)
_vDrama.
650 0 _aJuliet (Fictitious character)
_vDrama.
650 0 _aVendetta
_xDrama.
650 0 _aYouth
_xDrama.
651 0 _aVerona (Italy)
_xDrama.
655 7 _aTragedies.
_2gsafd
700 1 _aBevington, David M.
942 _2lcc
_cGEN
999 _c12736
_d12736